Previsiones científicas (Record no. 62699)

MARC details
000 -LEADER
campo de control de longitud fija 00581nam a2200157 i 4500
001 - NÚMERO DE CONTROL
campo de control 62699
003 - IDENTIFICADOR DE NÚMERO DE CONTROL
campo de control ES-MaACL
005 - FECHA Y HORA DE LA ÚLTIMA TRANSACCIÓN
campo de control 20230906164720.0
007 - CAMPO FIJO DE DESCRIPCIÓN FÍSICA--INFORMACIÓN GENERAL
campo de control de longitud fija t|
008 - DATOS DE LONGITUD FIJA--INFORMACIÓN GENERAL
campo de control de longitud fija 031125s1929 cl ||||1| spa d
100 1# - ENTRADA PRINCIPAL--NOMBRE DE PERSONA
Nombre de persona Fernández Baños, Olegario.
9 (RLIN) 49499
245 10 - MENCIÓN DEL TÍTULO
Título Previsiones científicas
Resto del título : discurso leido en la solemne inauguración del curso academico de 1929 a 1930 en la Universidad de Santiago de Compostela /
Mención de responsabilidad, etc. Olegario Fernández Baños.
260 ## - PUBLICACIÓN, DISTRIBUCIÓN, ETC.
Lugar de publicación, distribución, etc. Santiago de Chile :
Nombre del editor, distribuidor, etc. [s.n.,
Fecha de publicación, distribución, etc. 1929] (
Fabricante Tip. Paredes)
300 ## - DESCRIPCIÓN FÍSICA
Extensión 46 p. ;
Dimensiones 31 cm.
852 ## - LOCALIZACIÓN
Ubicación ES-MaACL
Número de control de estantería 1731-F-10
Holdings
Estatus retirado Estado de pérdida Estado de daño No para préstamo Colección Biblioteca de origen Biblioteca actual Ubicación en estantería Fecha de adquisición Fuente de adquisición Total de préstamos Signatura topográfica completa Código de barras Visto por última vez Precio de reemplazo Tipo de ítem Koha
        Colección de folletos Biblioteca del Ateneo de Madrid Biblioteca del Ateneo de Madrid Depósito folletos 17/01/2008     1731-F-10 1065730 23/02/2023 23/02/2023 Folleto